Responses for show #4396 - Monday, October 20, 2003

Russ Schumacher game 2.
(Sofia: Hello, tiny ant people! Stay tuned for clues aboard the Goodyear Blimp, next on Jeopardy!)

Contestants

[<< previous game]

Kevin Lamp, a museum exhibit designer from Philadelphia, Pennsylvania

Lynne Bruschetti, a high school English teacher from Peachtree City, Georgia

Russ Schumacher, a graduate student from Fort Collins, Colorado (whose 1-day cash winnings total $7,199)

[next game >>]

Jeopardy! Round responses

THE GOODYEAR BLIMP
TOP 40 DEBUTS
A "LITTLE" LIT
AUSTIN SPACE
19th CENTURY AMERICA
BEFORE & AFTER
    $200 26
Akron (Ohio)

Lynne
    $200 9
"Smooth Operator"

Russ
    $200 1
Little Women

Lynne
    $200 15
University of Texas

Russ
    $200 12
one cent (penny)

Kevin
    $200 6
Jeff Bridges of Madison County

Russ
    $400 27
helium

Kevin
    $400 22
The Monkees

Lynne
    $400 2
Little House on the Prairie

Russ
    $400 18
Godzilla

Russ
    $400 13
Bunker Hill

Triple Stumper
    $400 7
Elton John the Baptist

Lynne
    $600 28
the rudders

Russ
    $600 23
the Dave Matthews Band

Russ
    $600 3
Little John

Russ
    $600 19
the Texas Rangers

Kevin
    $600 14
(Russ: What is the Baltimore?)
(Lynne: What is the Farragut?)

Chesapeake

RussLynne
Triple Stumper
    $600 8
Everybody Loves Raymond Chandler

Triple Stumper
    $800 29
the Snowbird

Triple Stumper
    $800 24
"Genie in a Bottle"

Russ
    $800 4
Stuart Little

Kevin
    $800 20
the Governor's Mansion

Russ
    $1,000 16
(George) Pullman

Russ
    $800 10
Anthony Michael Hall monitor

Triple Stumper
    $1000 30
neoprene

Triple Stumper
    $1000 25
(Alex: With a minute to go now.)

Quiet Riot

Russ
    $1000 5
The Little Foxes

Lynne
    $1000 21
O. Henry

Russ
    $1000 17
the Johnstown Flood

Triple Stumper
    $1000 11
Chow Yun-Fat Tuesday

Kevin

Scores at the first commercial break (after clue 15):

Russ Lynne Kevin
$1,000 $1,000 $2,000

Scores at the end of the Jeopardy! Round:

Russ Lynne Kevin
$7,200 $1,600 $3,000

Double Jeopardy! Round responses

SCIENCE & NATURE
TV GUIDE: 1953
BORDERS
LAWYERING
MUSIC MEN
"BEFORE" & "AFTER"
(Alex: But a little different today. It's not our traditional BEFORE & AFTER category.)
    $400 6
white dwarf

Russ
    $400 16
Queen Elizabeth II

Russ
    $400 17
San Diego

Russ
    $400 26
(Russ: What is dismissal?)

objection

RussKevin
    $400 11
Oscar Hammerstein

Lynne
    $400 1
aftershock

Russ
    $800 7
their legs

Russ
    $800 22
Groucho Marx

Lynne
    $800 18
Nepal

Russ
    $800 27
contingency fee

Russ
    $800 12
George Gershwin

Russ
    $800 2
The Nightmare Before Christmas

Russ
    $1200 8
Louis Pasteur

Russ
    $1200 23
Jack Webb

Triple Stumper
    $1200 19
(Lynne: What is Switzerland?)
(Alex: The Germans went around it.)

Belgium

LynneKevin
    $1,000 28
immigration law

Russ
    $1200 13
Cole Porter

Triple Stumper
    $1200 3
before the war

Kevin
    $1600 9
beluga

Triple Stumper
    $1600 24
Arthur Godfrey

Triple Stumper
    $1600 20
Chile

Russ
    $1600 29
(Russ: What are hours?)
(Alex: What kind of hours?)
(Russ: Working hours.)
(Alex: Working hours or billable hours; we'll accept that.)
....
[buzzer sounds to end the round]

working hours/billable hours

Russ
    $1600 14
Harold Arlen

Triple Stumper
    $1600 4
Two Years Before the Mast

Triple Stumper
    $2000 10
gymnosperms

Russ
    $2000 25
(Alex: A minute to go now, Lynne.)

George Reeves

Triple Stumper
    $3,000 21
the border between Asia & Europe

Russ
    $2000 15
Johnny Mercer

Lynne
    $2000 5
"Prelude to the Afternoon of a Faun"

Russ

Scores at the end of the Double Jeopardy! Round:

Russ Lynne Kevin
$24,800 $3,600 $5,800
(lock game)

[wagering suggestions for these scores]

Final Jeopardy! Round responses

ACTORS & HISTORICAL ROLES
(Alex: He had an affair with Frida Kahlo.)
LynneWho is Frida's husband??
$3,599
KevinWho is Picasso?
$2,000
RussWho is Picasso?
$2,500
Leon Trotsky

Final scores:

Russ Lynne Kevin
$22,300 $1 $3,800
2-day champion: $29,499 3rd place: $1,000 2nd place: $2,000

Game dynamics:

Coryat scores:

Russ Lynne Kevin
$23,800 $3,600 $5,800
29 R
(including 3 DDs),
2 W
8 R,
2 W
8 R,
0 W

Combined Coryat: $33,200

The J! Archive is created by fans, for fans. The Jeopardy! game show and all elements thereof, including but not limited to copyright and trademark thereto, are the property of Jeopardy Productions, Inc. and are protected under law. This website is not affiliated with, sponsored by, or operated by Jeopardy Productions, Inc. Join the discussion at JBoard.tv.